000
00256nam a22001217a 4500
008
170224b xxu||||| |||| 00| 0 eng d
041
_a
eng
080
_a
616 31
100
_a
5
101
_a
shs
245
_a
CLINICAL DENTITRY
_c
CLARK.J.W
942
_2
udc
_c
BK
999
_c
6178
_d
6178